000 00269nam a22001217a 4500
008 260326b ||||| |||| 00| 0 eng d
041 _aShqip
080 _a1.1
100 _a23
101 _amenaxh
245 _aManaxhimi Strategjik
_cVaselika Kume
942 _2udc
_cBK
999 _c60939
_d60939